<?xml version="1.0" encoding="UTF-8"?>
<marc:record xmlns:marc="http://www.loc.gov/MARC21/slim">
   <marc:leader>00000nam a2200000 a 4500</marc:leader>
   <marc:datafield ind1="1" ind2=" " tag="100">
      <marc:subfield code="a">Tobin, Paul</marc:subfield>
      <marc:subfield code="4">ctb</marc:subfield>
      <marc:subfield code="e">Mitwirkende/-r</marc:subfield>
   </marc:datafield>
   <marc:datafield ind1="1" ind2=" " tag="100">
      <marc:subfield code="a">Chan, Ron</marc:subfield>
      <marc:subfield code="4">ctb</marc:subfield>
      <marc:subfield code="e">Mitwirkende/-r</marc:subfield>
   </marc:datafield>
   <marc:datafield ind1="1" ind2=" " tag="100">
      <marc:subfield code="a">Schindlbeck, Andreas</marc:subfield>
      <marc:subfield code="4">trl</marc:subfield>
      <marc:subfield code="e">Übersetzer/-in</marc:subfield>
   </marc:datafield>
   <marc:datafield ind1=" " ind2=" " tag="653">
      <marc:subfield code="a">Softcover / Belletristik/Comic</marc:subfield>
   </marc:datafield>
   <marc:datafield ind1=" " ind2=" " tag="653">
      <marc:subfield code="a">Cartoon</marc:subfield>
   </marc:datafield>
   <marc:datafield ind1=" " ind2=" " tag="653">
      <marc:subfield code="a">Humor</marc:subfield>
   </marc:datafield>
   <marc:datafield ind1=" " ind2=" " tag="653">
      <marc:subfield code="a">Satire</marc:subfield>
   </marc:datafield>
   <marc:datafield ind1="0" ind2="0" tag="245">
      <marc:subfield code="a">Plants vs. Zombies</marc:subfield>
   </marc:datafield>
   <marc:datafield ind1="0" ind2="0" tag="245">
      <marc:subfield code="b">sie wollen dein Gehirn!</marc:subfield>
   </marc:datafield>
   <marc:datafield ind1="0" ind2="0" tag="245">
      <marc:subfield code="c">Text: Paul Tobin. Zeichn.: Ron Chan. Übers.: Andreas Schindlbeck. Hrsg.: Andreas Mergenthaler und Hardy Hellstern</marc:subfield>
   </marc:datafield>
   <marc:datafield ind1=" " ind2="1" tag="264">
      <marc:subfield code="a">Ludwigsburg</marc:subfield>
      <marc:subfield code="b">Cross cult</marc:subfield>
      <marc:subfield code="c">2013</marc:subfield>
   </marc:datafield>
   <marc:datafield ind1="1" ind2=" " tag="520">
      <marc:subfield code="a">Angaben aus der Verlagsmeldung

Plants vs. Zombies: Sie wollen dein Gehirn! / von Paul Tobin

Ein lustiges und spannendes Abenteuer, das für jedes Alter geeignet ist!

Endlich bekommt PopCap’s unglaublich erfolgreiches PLANTS VS. ZOMBIES-Game die pflanzengefüllte und zombiebefallene Comicumsetzung, die es verdient hat. Die jungen Abenteurer Patrice Blazing und Nate Timely stellen sich zusammen mit dem aus den Spielen bekannten Crazy Dave gegen die Invasion der „Fun-Toten“ in ihrer Heimatstadt Nachbarshausen. Denn der verrückte Anführer der Zombies, Dr. Edgar Zomboss, hat geplant, die Sonne mit einer rauchspeienden Maschine zu verdecken. Ohne Sonnenlicht haben die tapferen Pflanzen nicht genug Energie, um den Kampf zu bestehen.

Paul Tobin und Ron Chan schließen sich mit der Horde kämpfender Pflanzen zusammen und erschaffen einen originellen, unglaublich lustigen Comic für Jung und Alt, vollgepackt mit Action und Zombies, die ihre Nachbarschaft verwüsten. Fortsetzungen sind bereits geplant.
</marc:subfield>
   </marc:datafield>
   <marc:datafield ind1=" " ind2=" " tag="020">
      <marc:subfield code="a">9783864253737</marc:subfield>
      <marc:subfield code="9">9783864253737</marc:subfield>
   </marc:datafield>
   <marc:datafield ind1=" " ind2=" " tag="041">
      <marc:subfield code="a">ger</marc:subfield>
   </marc:datafield>
   <marc:datafield ind1=" " ind2=" " tag="300">
      <marc:subfield code="a">ca. 80] S.</marc:subfield>
   </marc:datafield>
</marc:record>
